LEADER 00844nam0-22002891i-450- 001 990006217550403321 005 20041026110307.0 035 $a000621755 035 $aFED01000621755 035 $a(Aleph)000621755FED01 035 $a000621755 100 $a20000112d1956----km-y0itay50------ba 105 $a--------00-yy 200 1 $a<>fattori essenziali della finanza pubblica$fGeremia Ludovico Broccoli. 210 $aLivorno$cSocietā editrice Tirrenia$d1956 215 $a296 p.$d24 cm 676 $a336.1 676 $a336$v11 rid.$zita 700 1$aBroccoli,$bGeremia Ludovico$0235348 801 0$aIT$bUNINA$gRICA$2UNIMARC 901 $aBK 912 $a990006217550403321 952 $aXIV H 168$fFGBC 952 $aD 10$b151$fDSS 959 $aDSS 996 $aFattori essenziali della finanza pubblica$9647666 997 $aUNINA LEADER 01340nam0 22003973i 450 001 TSA0834240 005 20231121125848.0 010 $a8806180738 010 $a9788806180737$b3. ed. 2008 010 $a9788806220884$bed. 2014 073 1$a9788806180737$b3. ed. 2008 073 1$a9788806220884$bed. 2014 100 $a20160219d2006 ||||0itac50 ba 101 | $aita$ceng 102 $ait 105 $a|||| |||a| 181 1$6z01$ai $bxxxe 182 1$6z01$an 200 1 $aIn fuga$fAlice Munro$gtraduzione di Susanna Basso 210 $aTorino$cEinaudi$d[2006] 215 $a312 p.$d21 cm. 225 | $aSuper ET 410 0$1001RMS1248254$12001 $aSuper ET 500 10$aRunaway$3UBO2596135$9CFIV110657$93639157 676 $a813.6$9$v21 700 1$aMunro$b, Alice$3CFIV110657$4070$0465104 702 1$aBasso$b, Susanna$3CFIV076497 790 1$aLaidlaw$b, Alice Ann$3TO0V159039$zMunro, Alice 801 3$aIT$bIT-01$c20160219 850 $aIT-FR0017 899 $aBiblioteca umanistica Giorgio Aprea$bFR0017 912 $aTSA0834240 950 0$aBiblioteca umanistica Giorgio Aprea$d 52CIS 9/858$e 52VM 0000662295 VM barcode:00042753. - Inventario:29526 FLSVM$fA $h20070208$i20121204 977 $a 52 996 $aRunaway$93639157 997 $aUNICAS